000 00824cam a2200241 a 4500
999 _c3121
_d3121
003 OSt
005 20210817112053.0
008 070525s2008 caua b 001 0 eng
020 _a049509546X (student text : alk. paper)
020 _a0495382116 (instructor's edition : alk. paper)
040 _cDLC
050 0 0 _aKF9619
_b.S26 2008
100 1 _aSamaha, Joel.
245 1 0 _aCriminal procedure /
_cJoel Samaha.
250 _a7th ed.
260 _aBelmont, CA :
_bThomson Wadsworth,
_cc2008.
300 _axxiv, 563 p. :
_bill. ;
_c26 cm.
504 _aIncludes bibliographical references (p. 541-548) and index.
650 0 _aCriminal procedure
_zUnited States.
906 _a7
_bcbc
_corignew
_d2
_eepcn
_f20
_gy-gencatlg
942 _2lcc
_cBK
_nMG